000 00309nam a2200121Ia 4500
008 190722s9999 xx 000 0 und d
020 _a13.978-0-07-139307-2
100 _aMahmood Nahvi
245 0 _aSchum's outline Electric Circuits
260 _aNew York
_bMC Graw Hill
_c2003
300 _a469
942 _cBK
999 _c502
_d502